[Event "AUTO-ADV-4128"]
[Site "http://www.queenalice.com/game.php?id=1558482"]
[Date "2019.1.28"]
[Round "1"]
[White "blunder"]
[Black "clovis"]
[Result "1-0"]
[WhiteElo "1768"]
[BlackElo "2023"]

1. e4 e5 2. Nf3 Nc6 3. Bc4 Nf6 4. Ng5 Bc5 5. Bxf7+ Ke7 6. Bd5 Rf8 7. O-O d6 8.
Bxc6 bxc6 9. d3 Bg4 10. Nf3 h6 11. Be3 Nh5 12. Nbd2 Nf4 13. Bxc5 dxc5 14. Qe1
Bxf3 15. Nxf3 Ke8 16. Qc3 Qf6 17. Qxe5+ Qxe5 18. Nxe5 1-0

[Event "AUTO-ADV-4128"]
[Site "http://www.queenalice.com/game.php?id=1558499"]
[Date "2019.1.28"]
[Round "1"]
[White "blunder"]
[Black "MAY2019"]
[Result "1-0"]
[WhiteElo "1926"]
[BlackElo "1957"]

1. e4 c5 2. Nf3 d6 3. d4 cxd4 4. Nxd4 Nf6 5. Nc3 a6 6. f4 e6 7. Be3 Be7 8. Bd3
O-O 9. Qd2 Nc6 10. h3 Nb4 11. a3 Nxd3+ 12. cxd3 Bd7 13. O-O Bc6 14. f5 e5 15.
Nxc6 bxc6 16. Rac1 d5 17. exd5 Nxd5 18. Nxd5 cxd5 19. Bc5 Bxc5+ 20. Rxc5 f6 21.
b4 Rc8 22. Rfc1 Qd7 23. Qc2 Rxc5 24. Qxc5 Rd8 25. Qc7 Qxc7 26. Rxc7 Rd6 27. Ra7
d4 28. Kf2 Rc6 29. g4 h5 30. a4 Rb6 31. a5 Rc6 32. gxh5 1-0

[Event "AUTO-ADV-4128"]
[Site "http://www.queenalice.com/game.php?id=1558500"]
[Date "2019.1.28"]
[Round "1"]
[White "MAY2019"]
[Black "blunder"]
[Result "0-1"]
[WhiteElo "1976"]
[BlackElo "1907"]

1. d4 e6 2. c4 d5 3. Nc3 Nf6 4. Nf3 Be7 5. Bg5 Nbd7 6. e3 c6 7. Bd3 dxc4 8. Bxc4
Nb6 9. Bb3 Nbd5 10. O-O h6 11. Bh4 Nxc3 12. bxc3 O-O 13. Qd3 g5 14. Bg3 c5 15.
Rad1 cxd4 16. cxd4 Bd7 17. Ne5 a6 18. h3 Bb5 19. Bc4 Bxc4 20. Nxc4 b5 21. Ne5
Qd5 22. f4 Ne4 23. Rf3 Bf6 24. fxg5 Bxg5 25. Bf4 Rac8 26. Bxg5 hxg5 27. Rdf1 Rc3
28. Qd1 f5 29. g4 Qxa2 30. gxf5 Rxf5 31. Rxf5 exf5 0-1

[Event "AUTO-ADV-4128"]
[Site "http://www.queenalice.com/game.php?id=1558501"]
[Date "2019.1.28"]
[Round "1"]
[White "blunder"]
[Black "Canaye"]
[Result "0-1"]
[WhiteElo "1768"]
[BlackElo "1745"]

1. e4 e6 2. d4 d5 3. Nc3 dxe4 4. Nxe4 Nd7 5. Nf3 Ngf6 6. Bg5 Be7 7. Bd3 Nxe4 8.
Bxe7 Nxf2 9. Bxd8 Nxd1 10. Bxc7 Nxb2 11. Be2 O-O 12. Bd6 Re8 13. Rb1 Na4 14. O-O
Nc3 15. Rbe1 Nxe2+ 16. Rxe2 b6 17. d5 Ba6 18. Rfe1 Bxe2 0-1

[Event "AUTO-ADV-4128"]
[Site "http://www.queenalice.com/game.php?id=1558502"]
[Date "2019.1.28"]
[Round "1"]
[White "Canaye"]
[Black "blunder"]
[Result "0-1"]
[WhiteElo "1777"]
[BlackElo "1751"]

1. d4 e6 2. c4 d5 3. Nc3 Nf6 4. cxd5 Nxd5 5. e4 Nxc3 6. bxc3 c5 7. Bb5+ Bd7 8.
Bxd7+ Qxd7 9. Ne2 cxd4 10. Nxd4 Bc5 11. O-O O-O 12. Be3 e5 13. Nb3 Bxe3 14. fxe3
Qc7 15. Rf5 Nc6 16. Qf3 Ne7 17. Rg5 Ng6 18. Rc1 Rad8 19. h3 Rd3 20. c4 a5 21.
Rc2 b5 22. c5 b4 23. c6 Rc3 24. Rxc3 bxc3 25. Qd1 Qxc6 26. Qc2 a4 27. Nc1 Rc8
28. Rg3 Qb5 29. Rf3 Qb2 30. Rf2 Rd8 31. Qxb2 cxb2 32. Rxb2 Rd1+ 33. Kf2 Rxc1 34.
h4 h5 35. g3 a3 36. Rd2 Rb1 37. Ke2 Rb2 38. Kd1 f6 39. Kc1 Rxd2 40. Kxd2 Ne7 41.
Kd3 Nc8 42. Kc3 Nd6 43. Kb4 Nxe4 44. Kxa3 Kf7 45. Kb4 Ke7 46. a4 Kd6 47. Kb5
Nc3+ 48. Kb4 Nxa4 49. Kxa4 Kd5 50. Kb3 Ke4 51. Kc3 Kxe3 52. Kc2 Kf3 53. Kd2 Kf2
54. Kd3 Kf3 55. Kd2 Kxg3 56. Ke3 f5 57. Ke2 Kxh4 58. Kf3 g5 59. Kg2 g4 60. Kh2
e4 61. Kg2 f4 62. Kh2 f3 63. Kg1 e3 64. Kf1 g3 65. Kg1 e2 0-1

[Event "AUTO-OPEN-4026"]
[Site "http://www.queenalice.com/game.php?id=1560237"]
[Date "2019.2.8"]
[Round "1"]
[White "Fauquinelle"]
[Black "blunder"]
[Result "0-1"]
[WhiteElo "2014"]
[BlackElo "1858"]

1. d4 Nf6 2. c4 e6 3. Nc3 c5 4. Nf3 a6 5. Bg5 h6 6. Bh4 cxd4 7. Nxd4 Nc6 8. a3
Be7 9. e3 d5 10. Bd3 dxc4 11. Bxc4 Nxd4 12. exd4 b5 13. Be2 Bb7 14. O-O O-O 15.
f3 Nd5 16. Bf2 Rc8 17. Qb3 Nxc3 18. bxc3 Bd5 19. Qb2 Rc6 20. Rfd1 Qc7 21. Be1
Bd6 22. g3 Rb6 23. Kf2 Bc4 24. Bd3 e5 25. dxe5 Bc5+ 26. Kg2 Qxe5 27. f4 Qd5+ 28.
Kh3 Qh5+ 29. Kg2 Bd5+ 30. Kf1 Qh3+ 31. Ke2 Qxh2+ 32. Bf2 Qxf2# 0-1

[Event "AUTO-OPEN-4026"]
[Site "http://www.queenalice.com/game.php?id=1560238"]
[Date "2019.2.8"]
[Round "1"]
[White "blunder"]
[Black "Fauquinelle"]
[Result "1-0"]
[WhiteElo "1887"]
[BlackElo "1997"]

1. e4 d5 2. exd5 Qxd5 3. Nc3 Qa5 4. d4 Nf6 5. Bd2 Qb6 6. Nge2 Bf5 7. g3 Qc6 8.
Rg1 Qb6 9. Bg2 c6 10. Na4 Qc7 11. c4 e6 12. Bf4 Bd6 13. Nc5 b6 14. Bxd6 Qxd6 15.
Nd3 O-O 16. Qd2 Na6 17. O-O-O Rac8 18. h3 Ne4 19. Qf4 Qxf4+ 20. Nexf4 Rfd8 21.
g4 Rxd4 22. gxf5 exf5 23. Ne5 c5 24. Ne2 Rdd8 25. Nc6 Re8 26. Bxe4 fxe4 27. Nxa7
Rc7 28. Nb5 Rcc8 29. Nd6 Nb4 30. Nxe8 Rxe8 31. Nf4 Nxa2+ 32. Kb1 Nb4 33. Nh5 Rf8
34. Nxg7 Kh8 35. Nf5 Nd3 36. Rd2 Ne5 37. Rc2 Ng6 38. Rg4 1-0

[Event "AUTO-OPEN-4026"]
[Site "http://www.queenalice.com/game.php?id=1560259"]
[Date "2019.2.8"]
[Round "1"]
[White "Danado"]
[Black "blunder"]
[Result "0-1"]
[WhiteElo "1664"]
[BlackElo "1815"]

1. d4 Nf6 2. e3 e6 3. Qf3 c5 4. dxc5 Bxc5 5. Bc4 d5 6. Bb5+ Nc6 7. Bxc6+ bxc6 8.
Ne2 O-O 9. c3 Ba6 10. Nd2 e5 11. c4 Re8 12. a3 e4 13. Qh3 Bc8 14. Qh4 d4 15.
exd4 Bxd4 16. O-O Be5 17. Nxe4 Nxe4 18. Qxe4 Bxh2+ 0-1

[Event "AUTO-OPEN-4026"]
[Site "http://www.queenalice.com/game.php?id=1560260"]
[Date "2019.2.8"]
[Round "1"]
[White "blunder"]
[Black "Danado"]
[Result "1-0"]
[WhiteElo "1838"]
[BlackElo "1732"]

1. e4 e5 2. Nf3 d6 3. d4 Bg4 4. Bc4 Nf6 5. Nc3 Nc6 6. Be3 exd4 7. Bxd4 Bxf3 8.
gxf3 Be7 9. Be3 Nb4 10. a3 Nc6 11. Qe2 Ne5 12. Bb3 c6 13. O-O-O h6 14. h3 Qc7
15. f4 Ned7 16. Rhg1 g6 17. f5 gxf5 18. exf5 O-O-O 19. Bxf7 Rdf8 20. Be6 Re8 21.
Rg6 Kd8 22. Rdg1 Nf8 23. Rxh6 Nxe6 24. fxe6 Rh7 25. Rgg6 Rg8 26. Rxg8+ Nxg8 27.
Rxh7 Nf6 28. Rh8+ Ne8 29. Qh5 1-0

[Event "AUTO-OPEN-4026"]
[Site "http://www.queenalice.com/game.php?id=1560271"]
[Date "2019.2.8"]
[Round "1"]
[White "Bigchess"]
[Black "blunder"]
[Result "1/2-1/2"]
[WhiteElo "1802"]
[BlackElo "1817"]

1. d4 Nf6 2. e3 e6 3. Nf3 c5 4. Bd3 d5 5. dxc5 Bxc5 6. Nc3 O-O 7. Qe2 Nc6 8. Bd2
Bd7 9. h3 Nb4 10. a3 Nxd3+ 11. cxd3 a6 12. d4 Bd6 13. e4 dxe4 14. Nxe4 Nxe4 15.
Qxe4 Bc6 16. Qe3 Rc8 17. Bc3 Bd5 18. O-O Qf6 19. Qg5 Qxg5 20. Nxg5 h6 21. Nf3 b5
22. Ne5 f6 23. Ng4 Bc4 24. Rfe1 Bd5 1/2-1/2

[Event "AUTO-OPEN-4026"]
[Site "http://www.queenalice.com/game.php?id=1560272"]
[Date "2019.2.8"]
[Round "1"]
[White "blunder"]
[Black "Bigchess"]
[Result "1/2-1/2"]
[WhiteElo "1816"]
[BlackElo "1801"]

1. e4 d6 2. d4 e6 3. Nf3 Nc6 4. Bb5 Nf6 5. Nc3 Bd7 6. O-O Be7 7. Bg5 h6 8. Bh4
e5 9. Bxf6 Bxf6 10. d5 Ne7 11. Qe2 O-O 12. Rad1 a6 13. Bxd7 Qxd7 14. a4 Ng6 15.
g3 c5 16. dxc6 Qxc6 17. Rd3 Rfd8 18. Rfd1 Rd7 19. Nd5 Bd8 20. b3 Bc7 21. Ne3
Rad8 22. Nf5 a5 23. Qd2 b6 24. Rd5 Ne7 25. Nxe7+ Rxe7 26. c4 1/2-1/2

[Event "Let's Play Chess!"]
[Site "http://www.queenalice.com/game.php?id=1563928"]
[Date "2019.3.11"]
[Round "-"]
[White "blunder"]
[Black "charles31"]
[Result "1-0"]
[WhiteElo "1962"]
[BlackElo "1787"]

1. e4 e5 2. Nf3 d6 3. d4 exd4 4. Qxd4 h6 5. Nc3 Nc6 6. Bb5 Bd7 7. Bxc6 Bxc6 8.
O-O Nf6 9. Nd5 Bxd5 10. exd5 Qd7 11. Re1+ Be7 12. c4 O-O 13. Bd2 Rfe8 14. Re2 b6
15. Rae1 Bd8 16. Rxe8+ Nxe8 17. Qe4 Nf6 18. Qe2 c6 19. dxc6 Qxc6 20. Nd4 Qd7 21.
b3 Bc7 22. Qe7 Rd8 23. Bf4 Qxe7 24. Rxe7 Rd7 25. Rxd7 Nxd7 26. Nb5 Bb8 27. Bxd6
Bxd6 28. Nxd6 Kf8 29. f4 a5 30. Kf2 f5 31. Nxf5 Kf7 32. g4 Nf6 33. Kf3 Kg6 34.
Ne7+ Kf7 35. Nd5 Nd7 36. h4 g6 37. g5 h5 38. a3 Ke6 39. b4 a4 40. Nc3 Kf5 41.
Nxa4 Ke6 42. Ke4 Kd6 43. c5+ bxc5 44. Nxc5 Nxc5+ 45. bxc5+ 1-0

[Event "Let's Play Chess!"]
[Site "http://www.queenalice.com/game.php?id=1563929"]
[Date "2019.3.11"]
[Round "-"]
[White "charles31"]
[Black "blunder"]
[Result "0-1"]
[WhiteElo "1753"]
[BlackElo "1956"]

1. d4 Nf6 2. Nc3 e6 3. e4 d5 4. e5 Nfd7 5. Nh3 c5 6. dxc5 Bxc5 7. Be3 Bxe3 8.
fxe3 Nxe5 9. Bb5+ Bd7 10. Bxd7+ Nbxd7 11. Qe2 Qh4+ 12. Nf2 a6 13. O-O-O O-O 14.
g4 Qf6 15. e4 Qf4+ 16. Rd2 Nc4 17. Nd3 Qxd2+ 18. Qxd2 Nxd2 19. Kxd2 d4 20. Ne2
e5 21. h4 Rac8 22. c3 dxc3+ 23. Nxc3 f6 24. Ke3 Nc5 25. Nxc5 Rxc5 26. Rd1 Rfc8
27. Rd3 h6 28. Kd2 b5 29. b4 Rc4 30. a3 Rd4 31. h5 Rcd8 32. Ke3 Rxd3+ 0-1

[Event "Let's Play Chess!"]
[Site "http://www.queenalice.com/game.php?id=1563987"]
[Date "2019.3.11"]
[Round "-"]
[White "blunder"]
[Black "ulisses34"]
[Result "1-0"]
[WhiteElo "1943"]
[BlackElo "1775"]

1. Nf3 d5 2. g3 Bf5 3. Bg2 Nc6 4. O-O e5 5. d3 d4 6. e3 dxe3 7. Bxe3 Bd6 8. Nc3
Nd4 9. Nxd4 exd4 10. Bxd4 Nf6 11. Re1+ Kf8 12. Bxb7 Rb8 13. Bc6 Bd7 14. Bxd7
Qxd7 15. Ne4 Nxe4 16. Rxe4 c5 17. Bc3 Qf5 18. Qg4 Qxg4 19. Rxg4 f6 20. Re4 Kf7
21. Rae1 h5 22. h4 Kg6 23. Ra4 Rb7 24. Ra6 Be7 25. Rae6 Re8 26. a3 Kf7 27. d4
cxd4 28. Bxd4 Rc7 29. Bc3 Rcc8 30. R1e2 Rcd8 31. Bb4 Bxb4 32. Rxe8 Rxe8 33. Rxe8
Kxe8 34. axb4 Kd7 35. f4 Kd6 36. c4 a6 37. Kf2 g6 38. Ke3 f5 39. Kd4 Kc6 40. Ke5
1-0

[Event "Let's Play Chess!"]
[Site "http://www.queenalice.com/game.php?id=1563988"]
[Date "2019.3.11"]
[Round "-"]
[White "EddieK"]
[Black "blunder"]
[Result "1-0"]
[WhiteElo "2383"]
[BlackElo "1964"]

1. Nf3 d5 2. d4 Nc6 3. c4 e6 4. Nc3 Nf6 5. Bg5 Be7 6. e3 h6 7. Bh4 O-O 8. Rc1 a6
9. cxd5 Nxd5 10. Bg3 Bd7 11. Bd3 Ncb4 12. Bb1 c5 13. dxc5 Rc8 14. Bd6 Nxc3 15.
bxc3 Nd5 16. Qd3 Nf6 17. e4 Bxd6 18. cxd6 Ng4 19. e5 Bb5 20. Qh7# 1-0

[Event "AUTO-INT-3403"]
[Site "http://www.queenalice.com/game.php?id=1564672"]
[Date "2019.3.18"]
[Round "2"]
[White "blunder"]
[Black "Quanah4"]
[Result "0-1"]
[WhiteElo "1947"]
[BlackElo "1798"]

1. e4 c5 2. Nf3 g6 3. d4 cxd4 4. Nxd4 Bg7 5. Bc4 e6 6. O-O a6 7. Be3 Ne7 8. Nc3
d5 9. exd5 exd5 10. Bb3 Nbc6 11. Nxc6 bxc6 12. Bc5 O-O 13. Re1 Re8 14. Qe2 Be6
15. Rad1 Nf5 16. Bc4 Bd7 17. Qd3 Rxe1+ 18. Rxe1 dxc4 0-1

[Event "AUTO-INT-3403"]
[Site "http://www.queenalice.com/game.php?id=1564673"]
[Date "2019.3.18"]
[Round "2"]
[White "Quanah4"]
[Black "blunder"]
[Result "1-0"]
[WhiteElo "1774"]
[BlackElo "1971"]

1. c4 Nf6 2. g3 g6 3. Bg2 Bg7 4. e3 O-O 5. Nc3 e6 6. Nge2 c6 7. d4 d5 8. cxd5
exd5 9. h3 Na6 10. O-O Nc7 11. Re1 Ne4 12. Kh2 Nxf2 13. Qd2 Bf5 14. Nf4 Ne4 15.
Nxe4 Bxe4 16. a3 Qd7 17. b4 Rfe8 18. Bb2 Qe6 19. Nxe6 1-0

[Event "AUTO-ADV-4128"]
[Site "http://www.queenalice.com/game.php?id=1569458"]
[Date "2019.5.1"]
[Round "2"]
[White "blunder"]
[Black "chessman"]
[Result "1/2-1/2"]
[WhiteElo "1940"]
[BlackElo "1889"]

1. e4 e6 2. d4 d5 3. Nc3 Nf6 4. e5 Nfd7 5. Nf3 c5 6. Bg5 Qc7 7. Bb5 cxd4 8. Qxd4
a6 9. Bd3 Nc6 10. Qe3 Bb4 11. O-O Bxc3 12. bxc3 Ncxe5 13. Nxe5 Qxe5 14. Qd2 O-O
15. f4 Qd6 16. Rf3 f6 17. Bh4 Nc5 18. c4 Nxd3 19. Qxd3 b6 20. cxd5 exd5 21. f5
Qc5+ 22. Bf2 Qc4 23. Bxb6 1/2-1/2

[Event "AUTO-ADV-4128"]
[Site "http://www.queenalice.com/game.php?id=1569459"]
[Date "2019.5.1"]
[Round "2"]
[White "chessman"]
[Black "blunder"]
[Result "0-1"]
[WhiteElo "1901"]
[BlackElo "1925"]

1. e4 e5 2. Nf3 Nc6 3. Bc4 Nf6 4. O-O Bc5 5. Re1 d6 6. a3 Bg4 7. d3 Nd4 8. Nbd2
b5 9. Ba2 Bb6 10. c3 Nxf3+ 11. Nxf3 c5 12. h3 Bh5 13. g4 Bg6 14. Bg5 h6 15. Be3
O-O 16. Kg2 c4 17. Bxb6 Qxb6 18. dxc4 Nxe4 19. Re2 Rac8 20. cxb5 Qxb5 21. Nh4
Bh7 22. Qd5 Qxe2 0-1

[Event "AUTO-ADV-4128"]
[Site "http://www.queenalice.com/game.php?id=1569460"]
[Date "2019.5.1"]
[Round "2"]
[White "blunder"]
[Black "chessplayer123"]
[Result "1-0"]
[WhiteElo "1931"]
[BlackElo "1862"]

1. e4 d5 2. exd5 Qxd5 3. Nc3 Qd8 4. d4 e6 5. Bd3 Nf6 6. Nf3 Be7 7. O-O c6 8. Bg5
Nbd7 9. Re1 O-O 10. Ne4 Nxe4 11. Bxe7 Qxe7 12. Bxe4 Nf6 13. Qd3 Nxe4 14. Rxe4 b5
15. Rae1 a5 16. Re5 Ba6 17. Qe4 Rac8 18. Rh5 g6 19. Rc5 b4 20. Ng5 f5 21. Qxe6+
Qxe6 22. Rxe6 Rfe8 23. Rcxc6 Bc4 24. Rxc4 Rxc4 25. Rxe8+ Kg7 26. Re2 1-0

[Event "AUTO-ADV-4128"]
[Site "http://www.queenalice.com/game.php?id=1569461"]
[Date "2019.5.1"]
[Round "2"]
[White "chessplayer123"]
[Black "blunder"]
[Result "1/2-1/2"]
[WhiteElo "1763"]
[BlackElo "1938"]

1. d4 e6 2. e4 d5 3. exd5 exd5 4. Nf3 Bg4 5. Nc3 Nf6 6. Be2 Bb4 7. Bd2 O-O 8. a3
Ba5 9. b4 Bb6 10. O-O a5 11. b5 c6 12. a4 Re8 13. Be3 Ne4 14. Nxe4 dxe4 15. Ne5
Bxe2 16. Qxe2 Qc7 17. bxc6 Nxc6 18. Nxc6 Qxc6 19. c4 Bc7 20. Rfb1 b6 21. d5 Qd6
22. g3 Rab8 1/2-1/2